Biblioteka Instytutu Północnego w Olsztynie

Ein masurisches Original : (Rekord nr 27555)

Szczegóły MARC
000 -Nagłówek
fixed length control field 01638cam a2200409 i 4500
001 - Nr kontrolny bibl., która utworzyła rek.
control field xx002743872
003 - Siglum bibl., której nr kontr. jest w 001
control field NUKAT
005 - Data i czas ostatniej operacji
control field 20260412225909.0
008 - Elementy pola stałej długości
fixed length control field 130208s1929 pl a |000 0bger c
035 ## - Systemowy numer kontrolny
systemowy numer kontrolny (OCoLC)1414126536
035 ## - Systemowy numer kontrolny
systemowy numer kontrolny (NUKAT)xx002743872
040 ## - Instytucja sporządzająca opis
Instytucja, która sporządziła opis GD PAN/DL
język katalgowania-trzyzn. kod pol
zasady opisu rda
Instytucja, która sporządziła rekord GD PAN/DL
Instytucja, która zmodyfikowała rekord GD PAN/GSz
-- GD PAN/DBs
-- OLSZT 008/AL
100 1# - Hasło główne-nazwa osobowa
Nazwa osobowa Krueger, Albert G.
Daty biograficzne (1862- ).
rodzaj współpracy Autor
9 (RLIN) 5181
245 14 - Tytuł właściwy i oznaczenie odpow.
tytuł Ein masurisches Original :
dodatek do tytułu Lebensbeschreibung des in mehr als einer Hinsicht originellen Pfarrers Pogorzelski in Kutten ... /
dod. inf. ze s. tyt./ozn. odpow. Verfaßt von Alb. G. Krueger.
250 ## - Oznaczenie wydania
oznaczenie wydania 3. Auflage.
260 ## - Adres wydawniczy
miejsce wydania, dystrybucji itp. Ortelsburg :
nazwa wydawcy, dystrybutora itp. Max Zedler Inh. Hans Andresen,
data wydania, dystrybucji itp. [1929].
300 ## - Opis fizyczny
objętość i/lub forma materiału 26 stron :
inne szczegóły opisu fizycznego ilustracje ;
format 19 cm.
336 ## - Content Type
Term Tekst
Code txt
Source rdacontent
337 ## - Media Type
Term Bez urządzenia pośredniczącego
Code n
Source rdamedia
338 ## - Carrier Type
Term Wolumin
Code nc
Source rdacarrier
380 ## - Form of work
Form of work Książki
500 ## - Uwaga ogólna
uwaga ogólna Rok wydania według DNB online.
600 17 - Hasło przedmiotowe-nazwa osobowa
nazwa osobowa Pogorzelski, Michał
daty biograficzne (1737-1798)
źródło hasła DBN
9 (RLIN) 39927
648 #7 - SUBJECT ADDED ENTRY--CHRONOLOGICAL TERM
Chronological term 1701-1800
Source of heading or term DBN
9 (RLIN) 36035
650 #7 - Hasło przedmiotowe-nazwa pospolita
nazwa pospolita lub geogr. Duchowieństwo protestanckie
źródło hasła DBN
9 (RLIN) 39928
650 #7 - Hasło przedmiotowe-nazwa pospolita
nazwa pospolita lub geogr. Kościoły protestanckie
źródło hasła DBN
9 (RLIN) 39929
650 #7 - Hasło przedmiotowe-nazwa pospolita
nazwa pospolita lub geogr. Parafie
źródło hasła DBN
9 (RLIN) 35432
651 #7 - Hasło przedmiotowe-nazwa geogr.
nazwa geograficzna Kuty (woj. warmińsko-mazurskie, pow. węgorzewski, gm. Pozezdrze)
źródło hasła DBN
9 (RLIN) 39930
651 #7 - Hasło przedmiotowe-nazwa geogr.
nazwa geograficzna Polska
źródło hasła DBN
9 (RLIN) 35076
651 #7 - Hasło przedmiotowe-nazwa geogr.
nazwa geograficzna Prusy
źródło hasła DBN
9 (RLIN) 35118
651 #7 - Hasło przedmiotowe-nazwa geogr.
nazwa geograficzna Prusy Wschodnie (prowincja)
określnik formy biografie.
źródło hasła kaba
9 (RLIN) 3256
651 #7 - Hasło przedmiotowe-nazwa geogr.
nazwa geograficzna Mazury (Polska ; region)
określnik formy biografie.
źródło hasła kaba
9 (RLIN) 13072
655 #7 - Termin określający rodzaj/formę
rodzaj/forma Biografia
źródło terminu DBN
9 (RLIN) 35059
658 ## - Nazwa określająca cel programu nauczania
główny cel programu nauczania Religia i duchowość
710 2# - Hasło dodatkowe - nazwa ciała zbior.
nazwa ciała zbior. lub nazwa geogr. Buchhandlung Max Zedler.
rodzaj współpracy Wydawca
kod rodzaju współpracy pbl
9 (RLIN) 39931
942 ## - ADDED ENTRY ELEMENTS (KOHA)
Source of classification or shelving scheme Dewey Decimal Classification
Koha item type pozycje dostępne na miejscu
Egzemplarze
Status wycofania Status zagubienia Klasyfikacja Status uszkodzenia Blokada wypożyczeń Kolekcja Lokalizacja macierzysta Lokalizacja bieżąca Data nabycia Numer akcesji Źródło akcesji Nr inwentarzowy il. wypożyczeń Sygnatura Kod kreskowy Date last seen Price effective from Typ egz.
    Dewey Decimal Classification nieuszkodzona   Pracownia Badań Księgozbiorów Historycznych Biblioteka Instytutu Północnego w Olsztynie Pracownia Badań Księgozbiorów Historycznych 12/04/2026 K-46/1969 kupno 14727   14727 IPWK22151 12/04/2026 12/04/2026 pozycje dostępne na miejscu
Biblioteka Instytutu Północnego, ul. Partyzantów 87, 10-402 Olsztyn, email: biblioteka(at)ip.olsztyn.pl